| 000 | 00000nam 2200000zi 4500 |
| 001 | 9.867725 |
| 003 | CaOODSP |
| 005 | 20221107162404 |
| 006 | m o d f |
| 007 | cr ||||||||||| |
| 008 | 190129s1958 onc ot f|0| 0 eng d |
| 040 | |aCaOODSP|beng|erda|cCaOODSP |
| 043 | |an-cn--- |
| 086 | 1 |aM38-1/28-1958E-PDF |
| 100 | 1 |aMcNamara, V. M., |eauthor. |
| 245 | 10|aEffect on reagent consumption of recycling solutions in the weak acid leaching of a uranium ore / |cby V. M. McNamara and W. A. Gow. |
| 264 | 1|aOttawa, Ontario : |bDepartment of Mines and Technical Surveys, |c1958. |
| 300 | |a1 online resource (ii, 20 pages) |
| 336 | |atext|btxt|2rdacontent |
| 337 | |acomputer|bc|2rdamedia |
| 338 | |aonline resource|bcr|2rdacarrier |
| 490 | 1 |aMines Branch Research Report ; |vR 28 |
| 500 | |a"November 14, 1958." |
| 500 | |aTitle from cover. |
| 504 | |aIncludes bibliographic references. |
| 520 | |a"An investigation was carried out to study the possibility of reducing the acid requirements in the leaching of uranium ores at controlled pH, by recycling a portion of the leach liquor as make-up solution with fresh ore"--Abstract, p. i. |
| 692 | 07|2gccst|aMinerals |
| 700 | 1 |aGow, W. A., |eauthor. |
| 710 | 1 |aCanada. |bDepartment of Mines and Technical Surveys. |
| 710 | 1 |aCanada. |bMines Branch. |
| 830 | #0|aResearch report (Canada. Mines Branch)|vR 28.|w(CaOODSP)9.855660 |
| 856 | 40|qPDF|s1.19 MB|uhttps://publications.gc.ca/collections/collection_2019/rncan-nrcan/m38-1/M38-1-28-1958-eng.pdf |